LEADER 01304nam a2200277 i 4500 001 000000136212 003 CaOOAMICUS 005 20050318000000.0 008 050318s2002 it u000 u ita u 013 $a109691 020 $a88-10-40567-6 040 $aSeMil$bita 100 1 $aPilloni, Francesco,$d<1954- >.$0(OLS)http://semarc/name/55473 245 10$aTeologia come sapienza della Fede :$bTeologia e filosofia nella crisi ariana del 4. secolo /$cFrancesco Pilloni. 260 $aBologna :$bEDB,$c2002. 300 $a195 p. :$btabelle ;$c22 cm. 490 0 $aNuovi saggi teologici : collana interconfessionale per la promozione della ricerca teologica ;$v56 500 $aContiene : Bibliografia. 650 4$aCristologia - Storia - Sec. 4.$0(OLS)http://semarc/subject/1141 830 0$aNuovi saggi teologici ;$v56.$0(OLS)http://semarc/title/422386 850 $aSeMil 852 $aSeMil$W1$xVenegono$y1$m2LA N 56$j263480$B89830$CSeMilBibl$Z2$F94660 $81 961 $aSottoscrizione: Cittą Nuova (Agente) 996 $6020$a88-10-40567-6$9(OLS)http://semarc/number/123670 996 $6245$aTeologia come sapienza della Fede :$bTeologia e filosofia nella crisi ariana del 4. secolo$9(OLS)http://semarc/title/199053 996 $6260$aBologna :$bEDB$9(OLS)http://semarc/publisher/29669 LEADER 01186nam a2200277 i 4500 001 000000199139 003 CaOOAMICUS 005 20110316000000.0 008 110316s1966 it u000 u ita u 013 $a177830 040 $aSeMil$bita 100 1 $aBorek, Ernest.$0(OLS)http://semarc/name/72092 240 14$aThe code of life.$0(OLS)http://semarc/title/287928 245 13$aIl codice della vita /$cErnest Borek ; Prefazione di Giorgio Segre. 246 04$iTitolo in copertina:$aIl codice della vita : DNA 260 $aTorino :$bBoringhieri,$ccopyr. 1966. 300 $a219 p. :$bill. ;$c20 cm. 490 0 $aUniversale scientifica ;$v17 650 4$aChimica biologica.$0(OLS)http://semarc/subject/3116 700 1 $aSegre, Giorgio.$0(OLS)http://semarc/name/71920 830 0$aUniversale scientifica ;$v17.$0(OLS)http://semarc/title/7149 850 $aSeMil 852 $aSeMil$W1$xVenegono$y1$m3X IV 123$j149692$B149692$CSeMilBibl$Z2$F161061 $81 996 $6245$aIl codice della vita$9(OLS)http://semarc/title/287927 996 $6246$aIl codice della vita : DNA$9(OLS)http://semarc/title/409417 996 $6260$aTorino :$bBoringhieri$9(OLS)http://semarc/publisher/30229